01462 a2200337 4500240008400000260001800084100003200102041000800134260001200142300002500154650001200179650001100191650002400202650002200226650002900248650002900277260002300306130000800329710008900337040001400426651001000440041001200450100008900462502006500551653003900616245010700655300001000762653003900772651001200811520030100823 aAnalysis of the dietary vitamin A intake of children aged 1 to 5 years at Dogbo aAbomey-Calavi aNAGO, Houéfa Eunice Sorel bFr. bFSA/UAC axiii-65 p. + annexes aRetinol aEnfant aBesoin nutritionnel aEtat nutritionnel aComplément alimentaire aConsommation alimentaire c18 décembre 2003 lFr. aAbomey-Calavi, Université d'Abomey-Calavi, Faculté des Sciences Agronomiques, Bj aSupport  aDogbo bFr.%En. uAbomey-Calavi, Université d'Abomey-Calavi, Faculté des Sciences Agronomiques, Bj aThèse pour l'obtention du Diplôme d'Ingénieur Agronome1 aNutrition et Sciences Alimentaires aAnalyse de l'apport alimentaire en vitamine A chez les enfants de 1 à 5 ans dans la commune de Dogbo b29 cm 1aNutrition et Sciences Alimentaires aBénin aLa carence en vitamine A constitue un véritable problème de santé publique au Bénin chez les enfants en âge préscolaire. Le moyen de lutte dans notre pays est la supplémentation ou administration de vitamine A sous forme médicamenteuse aux personnes affectées ou à risques...